Baby animals

Bibliographic Details
Main Author: Ildos, Angela Serena
Format: Book
Published: Italy : White Star , 2004
Subjects:

MARC

LEADER 00000cam a2200000 7i4500
001 0000017424
005 20080523.0
008 080516
020 |a 8854400025 
090 0 0 |a 591.39   |b ILD 
100 1 |a Ildos, Angela Serena 
245 1 0 |a Baby animals   |c Angela Serena Ildos 
260 |a Italy :   |b White Star ,   |c 2004 
650 0 |a Animal   |x theory&philosophy 
999 |a 0001017334   |b Book   |c REFERENCE   |e Perbadanan Perpustakaan Awam Johor